00836nam a2200181 i 4500001000700000003000900007005001700016008004100033100002500074245018100099260006300280300002100343530003500364650003500399650003600434852009500470856008900565161055ES-MaACL20230906212203.0990604s1813 sp |||| | spa d1 aOrense, Casimiro de.10aIdeas económicas, políticas y morales : bobra original publicada para felicidad de la monarquía española, e ilustración de todo español / cpor Casimiro de Orense. aCadiz : b[s.n.], c1813 (fImp. del Estado-Mayor-General) a56 p. ; c20 cm. aDisponible en formato digital. 4aPolítica-zEspaña-yS.XIX. 4aLiberalismo-zEspaña-yS.XIX.4 aES-MaACLjT-23-F-15 z- Enc. hol., falto de cub. original z- Enc. en un vol. facticio4 uhttp://bdh-rd.bne.es/viewer.vm?id=0000088291&page=1 zBiblioteca Digital Hispánica